Privátky chcú osloviť aj v dobrých časoch
Sú lacnejšou alternatívou k značkovým produktom. Na ich cene sa totiž nepodpisujú vysoké náklady na marketing. Reťazce si pri nich samy určujú zloženie a množstvá jednotlivých ingrediencií. A vďaka nim sa jeden od druhého odlišujú. Hoci mnohé siete majú v ponuke lieskovoorieškovú nátierku vo vlastný...
Na minha lista:
| Autor principal: | |
|---|---|
| Formato: | Capítulo de Livro |
| Idioma: | eslovaco |
| Assuntos: | |
| Tags: |
Sem tags, seja o primeiro a adicionar uma tag!
|
MARC
| LEADER | 00000naa a2200000 4500 | ||
|---|---|---|---|
| 001 | 0311928 | ||
| 005 | 20250822094115.2 | ||
| 041 | 0 | |a slo | |
| 044 | |a CZ | ||
| 245 | 1 | 0 | |a Privátky chcú osloviť aj v dobrých časoch |c Tatiana Kapitánová |
| 520 | |a Sú lacnejšou alternatívou k značkovým produktom. Na ich cene sa totiž nepodpisujú vysoké náklady na marketing. Reťazce si pri nich samy určujú zloženie a množstvá jednotlivých ingrediencií. A vďaka nim sa jeden od druhého odlišujú. Hoci mnohé siete majú v ponuke lieskovoorieškovú nátierku vo vlastných farbách, každá chutí inak a zákazník si vyberie, po ktorej sa naozaj oplatí siahnuť, keď nechce míňať za značkový originál. Privátne značky sa dnes tešia veľkej popularite. Niektoré z nich si dokonca žijú vlastným životom a spotrebitelia niekedy ani netušia, že ide o privátnu značku. | ||
| 610 | 2 | 0 | |a značky privátne |
| 610 | 2 | 0 | |a výrobky domáce |
| 610 | 2 | 0 | |a identita |
| 610 | 2 | 0 | |a podpora predaja |
| 610 | 2 | 0 | |a pôvod tovaru |
| 610 | 2 | 0 | |a preferencie spotrebiteľské |
| 100 | 1 | |a Kapitánová, Tatiana | |